000 00510nam a2200157 i 4500
001 140984
003 ES-MaACL
007 t|
008 070918s1937 sp ||||1| spa d
100 1 _aWertheimer, Oscar von.
_9116523
245 1 3 _aLa reina Cristina de Suecia /
_cOskar von Wertheimer ; traducción directa del alemán por Joaquín Verdaguer.
260 _aBarcelona :
_bJuventud,
_c[1937]
300 _a315 p. ;
_c24 cm.
700 1 _aVerdaguer, Joaquín.
_9114000
852 _aES-MaACL
_jB-9800
_bR.19427
999 _c140984
_d140984